=LDR 00000nam 2200000 4500 =001 INLIS000000000021970 =005 20200508081015 =035 ##$$a 0010-061300000021970 =008 200508################g##########0#ind## =041 ##$$a Ind =082 ##$$a 297 =090 ##$$a 2x0, Muh-k =100 ##$$a Muhaimin =245 1#$$a Kawasan dan wawasan studi islam /$c Prof. Dr. Muhaimin, MA. ; Dr.Abdul Mujib, M.Ag. ; Dr. Jusuf Mudzakkir, M.Si., ; editor, Marno,M.Ag. =260 ##$$a Jakarta :$b Prenada Media,$c 2005 =300 ##$$a xii, 370 hlm. ; $c 23 x 16 cm. =650 #4$$a Islam - Wawasan - Studi =850 ##$$a NBPNMAT =020 ##$$a 979-3925-05-1 =084 ##$$a 297 MUH k =500 ##$$a Bibliografi ; hlm. 357-366 =700 #$$a Abdul Mujib =700 #$$a Jusuf Mudzakir =990 ##$$a 20610683 =990 ##$$a 30701631 =990 ##$$a 30701629